| 000 | 00622nam a2200133Ia 4500 | ||
|---|---|---|---|
| 008 | 171212s9999 xx 000 0 und d | ||
| 020 | _a9780833051684 | ||
| 100 | _aOliker, Olga | ||
| 245 |
_cOliker, Olga _aBuilding Afghanistan's Security Forces in Wartime _bThe Soviet Experience |
||
| 260 |
_bRAND Corporation _c2011 |
||
| 650 | _aAfghanistan -- History -- Soviet occupation, 1979-1989; Military assistance, Soviet -- Afghanistan; Internal security -- Afghanistan; Afghanistan -- History, Military -- 20th century; Soviet Union -- History, Military | ||
| 650 | _aHistory | ||
| 856 | _uwww.jstor.org/stable/10.7249/mg1078a | ||
| 999 |
_c351812 _d351812 |
||